000 00370nam a2200157Ia 4500
008 230312s9999||||xx |||||||||||||| ||und||
020 _a9788181478481
082 _a611
_bBHA-M
100 _aBhatnagar,SM
245 0 _aMultiple Choice Questions in Anatomy
260 _bElservier
_c2010
300 _a479
546 _aEng.
650 _aMedical
_vAnatomy
942 _cBK
999 _c4685
_d4685